| 000 | 00405nam a22001337a 4500 | ||
|---|---|---|---|
| 005 | 20250929125116.0 | ||
| 020 | _a9788119899968 | ||
| 082 | _a355 LOR/S | ||
| 100 |
_a Lorea, Federico Grcia _92277 |
||
| 245 |
_aSaand Se Yuddha Aur Maut / _cby Federico Grcia Lorea, Translated by Dr. Prabhati Nautiyal |
||
| 260 |
_a.- Patna _b: Sethuprakashan Pvt Ltd _c, 2024 |
||
| 300 | _a301 pages | ||
| 942 |
_2ddc _c GIF |
||
| 999 |
_c751836 _d751836 |
||